Applied and Fundamental Aspects of Plant Cell,Tissue,and Organ Culture (Record no. 7057)

MARC details
000 -LEADER
fixed length control field 00591nam a22001937a 4500
003 - CONTROL NUMBER IDENTIFIER
control field OSt
005 - DATE AND TIME OF LATEST TRANSACTION
control field 20210831113033.0
008 - FIXED-LENGTH DATA ELEMENTS--GENERAL INFORMATION
fixed length control field 210831b ||||| |||| 00| 0 eng d
020 ## - INTERNATIONAL STANDARD BOOK NUMBER
International Standard Book Number 8185198004
040 ## - CATALOGING SOURCE
Transcribing agency DDC
082 ## - DEWEY DECIMAL CLASSIFICATION NUMBER
Classification number 581APP1997
100 ## - MAIN ENTRY--PERSONAL NAME
Personal name Reinert.J,Bajaj.Y.P.S;
9 (RLIN) 14530
245 ## - TITLE STATEMENT
Title Applied and Fundamental Aspects of Plant Cell,Tissue,and Organ Culture
Statement of responsibility, etc. Edited by Reinert.J and Bajaj.Y.P.S
260 ## - PUBLICATION, DISTRIBUTION, ETC. (IMPRINT)
Place of publication, distribution, etc. Berlin
Name of publisher, distributor, etc. Narosa Publishing House
Date of publication, distribution, etc. 1997
300 ## - PHYSICAL DESCRIPTION
Extent xviii,803p;
Other physical details ill
Dimensions 25cm
504 ## - BIBLIOGRAPHY, ETC. NOTE
Bibliography, etc includes; references,index
650 ## - SUBJECT ADDED ENTRY--TOPICAL TERM
Topical term or geographic name as entry element Biology
9 (RLIN) 5602
942 ## - ADDED ENTRY ELEMENTS (KOHA)
Source of classification or shelving scheme Dewey Decimal Classification
Koha item type Open Shelf
Holdings
Withdrawn status Lost status Source of classification or shelving scheme Damaged status Not for loan Home library Current library Date acquired Source of acquisition Inventory number Total Checkouts Full call number Barcode Date last seen Price effective from Koha item type
    Dewey Decimal Classification     MUST Main Library MUST Main Library 31/08/2021 Purchase 98/11957   581APP1997 2021-0742 31/08/2021 31/08/2021 Open Shelf